| 000 | 00413cam a2200169ua 4500 | ||
|---|---|---|---|
| 041 |
_aeng _h |
||
| 082 |
_a300.1 _bHEN/TE |
||
| 100 | _aHenkel, Ramon E . | ||
| 245 |
_aTests of significance / _cRamon E Henkel. _hTextual Documents |
||
| 250 |
_a1 / _b. |
||
| 260 |
_aNew Delhi : _bSage Publications , _c1976. |
||
| 300 | _a92 ; . | ||
| 500 | _a**Reference | ||
| 504 | _a | ||
| 942 | _cBK | ||
| 999 |
_c8119 _d8119 |
||